[Event "OSREDNJA SLOVENSKA LIGA 2025"]
[Site "gostovanja"]
[Date "2025.10.16"]
[Round "5.7"]
[White "Bucan, Luka"]
[Black "Ivesic, Perica"]
[Result "1-0"]
[WhiteElo "1706"]
[BlackElo "1730"]
[PlyCount "104"]
[EventDate "2025.09.18"]
[WhiteTeam "SK LOSKA DOLINA"]
[BlackTeam "ZELENCI LPP"]

1. d4 d5 2. c4 Nf6 3. Nc3 c6 4. cxd5 Nxd5 5. g3 Nxc3 6. bxc3 Bf5 7. Bg2 h6 8.
e4 Bh7 9. Ne2 e6 10. O-O Be7 11. Be3 O-O 12. Qb3 Qc8 13. c4 a5 14. Rab1 Ra7 15.
Qb6 Ra6 16. Qxb7 Qxb7 17. Rxb7 Bb4 18. Rb1 f5 19. a3 Bxa3 20. Rxb8 fxe4 21.
Rxf8+ Bxf8 22. c5 a4 23. Ra1 g5 24. Nc3 a3 25. Nb1 a2 26. Nc3 Ra3 27. Bf1 Rxc3
28. Rxa2 Bf5 29. h3 Rb3 30. g4 Bg6 31. Kg2 Rb7 32. Ra6 Rc7 33. Bc4 Bf7 34. Bb3
Kg7 35. Bd2 e5 36. Ba5 Bxb3 37. Bxc7 exd4 38. Be5+ Kf7 39. Bxd4 Bd5 40. Be3 Bg7
41. Ra7+ Kg6 42. Kf1 Be5 43. Ke2 Bc4+ 44. Kd2 Bf1 45. Ra4 Bxh3 46. Rxe4 Kf6 47.
Bd4 Bxd4 48. Rxd4 Bxg4 49. Rd6+ Ke5 50. Ke3 Bf5 51. Rxh6 Be6 52. Rg6 Kd5 {
nejasno (60)} 1-0

[Event "OSREDNJA SLOVENSKA LIGA 2025"]
[Site "gostovanja"]
[Date "2025.10.16"]
[Round "5.8"]
[White "Grdic, Vili"]
[Black "Sajovic, Marko"]
[Result "1-0"]
[WhiteElo "1744"]
[BlackElo "2030"]
[PlyCount "77"]
[EventDate "2025.09.18"]
[WhiteTeam "GIMNAZIJA KRANJ"]
[BlackTeam "SK MEDVODE"]

1. e4 d5 2. exd5 Qxd5 3. Nc3 Qa5 4. g3 c6 5. Bg2 Nf6 6. Nf3 Bg4 7. O-O e6 8. d3
Nbd7 9. Bf4 Nd5 10. Nxd5 cxd5 11. Re1 Be7 12. c3 O-O 13. Qb3 b5 14. Nd4 Nc5 15.
Qc2 Qb6 16. h3 Bh5 17. Bxd5 Rac8 18. Nb3 Nxd3 19. Qxd3 Rfd8 20. Re5 Bg6 21. Qe2
Bf6 22. Rxe6 fxe6 23. Bxe6+ Bf7 24. Bxc8 Rxc8 25. Be3 Qb7 26. Bd4 Re8 27. Qf1
Bg5 28. f4 Bd8 29. Re1 Rxe1 30. Qxe1 Qf3 31. Nd2 Qd3 32. Qe3 Qc2 33. Qe5 Qg6
34. Ne4 h5 35. Kg2 a6 36. f5 Qh6 37. Qb8 Qc1 38. Qxd8+ Kh7 39. Ng5+ 1-0